[Event "Oslo op-B"]
[Site "Oslo"]
[Date "2014.09.28"]
[Round "1"]
[White "Edakina, Anastasia"]
[Black "Nymo, Olav Andreas Foerde"]
[Result "1-0"]
[WhiteElo "1733"]
[BlackElo "1200"]
[PlyCount "121"]
[EventDate "2014.09.28"]
[EventType "swiss"]
[EventRounds "9"]
[EventCountry "NOR"]
[SourceTitle "EXT 2017"]
[Source "ChessBase"]
[SourceDate "2016.10.25"]
[SourceVersion "1"]
[SourceVersionDate "2016.10.25"]
[SourceQuality "1"]

1. e4 c6 2. d4 d5 3. f3 dxe4 4. fxe4 c5 5. Bb5+ Bd7 6. Bxd7+ Qxd7 7. Nf3 cxd4 8. Qxd4 e6 9. Nc3 Nf6 10. Bg5 Nc6 11. Qxd7+ Nxd7 12. 0-0-0 f6 13. Be3 a6 14. a3 Bc5 15. Rhe1 Rd8 16. Na4 Be7 17. Nd4 Nxd4 18. Rxd4 Kf7 19. Red1 Ne5 20. h3 Nc6 21. Rd7 Rxd7 22. Rxd7 b5 23. Nc5 Ne5 24. Rd1 Bxc5 25. Bxc5 Rc8 26. Bf2 Rc4 27. Rd4 Rxd4 28. Bxd4 Nc6 29. Bc5 f5 30. exf5 exf5 31. Kd2 Ke6 32. h4 Kd5 33. Bf8 g6 34. Bg7 Nd4 35. Kd3 Ne6 36. Bh6 f4 37. b3 Nc5+ 38. Ke2 Kd4 39. Bxf4 Kc3 40. Kd1 Kb2 41. Bc1+ Kc3 42. Bg5 Nd7 43. Be7 Ne5 44. Bf6 Kd4 45. Kd2 Kd5 46. Bxe5 Kxe5 47. Kd3 Kd5 48. c4+ bxc4+ 49. bxc4+ Kc5 50. Kc3 a5 51. Kb3 Kd4 52. g4 h5 53. gxh5 gxh5 54. a4 Kc5 55. Kc3 Kd6 56. Kd4 Kc6 57. c5 Kb7 58. Kd5 Kc7 59. c6 Kc8 60. Kc5 Kc7 61. Kb5 1-0